Des phenomenes critiques aux champs de jauge

Сохранить в:
Библиографические подробности
Главный автор: Le Bellac, Michel
Формат:
Язык:Vietnamese
Опубликовано: EDP sciences : CNRS editions 2002
Метки: Добавить метку
Нет меток, Требуется 1-ая метка записи!
Thư viện lưu trữ: Mạng thư viện Đại học Đà Nẵng
LEADER 00645nam a2200253 4500
001 000021576
003 18024
005 20150422090423.0
008 150422s2002 viesd
020 |c 00 
041 0 |a vie 
082 1 4 |a 530,14  |b LE-M 
100 1 |a Le Bellac, Michel 
245 1 0 |a Des phenomenes critiques aux champs de jauge  |c Michel Le Bellac 
260 |b EDP sciences : CNRS editions  |c 2002 
300 |a tr.  |c cm. 
OWN |a LSP 
999 |a From the UDN01 
TYP |a Monograph 
TYP |a Printed language 
980 |a Mạng thư viện Đại học Đà Nẵng